[Event "ENXADRISMO 2009"]
[Site "http://www.queenalice.com/game.php?id=573032"]
[Date "2009.4.16"]
[Round "3"]
[White "MarcioFaleiro"]
[Black "Drica"]
[Result "1-0"]
[WhiteElo "1592"]
[BlackElo "1599"]

1. e4 e5 2. Nf3 Qf6 3. Nc3 c6 4. g4 g5 5. d3 Nh6 6. Bxg5 Qe6 7. Bxh6 Bxh6 8. Bh3
b6 9. g5 Qxh3 10. gxh6 Qxh6 11. Nxe5 d6 12. Nc4 Rg8 13. Qf3 Bg4 14. Qg3 Nd7 15.
Nxd6+ Kf8 16. h4 Be6 17. Qh2 Ne5 18. Qxe5 a5 19. a4 c5 20. h5 Qg5 21. Nf5 f6 22.
Qd6+ Kf7 23. Qe7# 1-0

[Event "Challenge"]
[Site "http://www.queenalice.com/game.php?id=575963"]
[Date "2009.4.22"]
[Round "-"]
[White "knight401"]
[Black "MarcioFaleiro"]
[Result "1-0"]
[WhiteElo "1662"]
[BlackElo "1576"]

1. e4 e5 2. Nf3 Nc6 3. Be2 Qf6 4. O-O Qg6 5. Nc3 d5 6. Nh4 Qg5 7. Nxd5 Bd6 8. g3
h5 9. d3 Qd8 10. Bxh5 g6 11. Bg4 Nd4 12. Bxc8 Rxc8 13. c3 Nb5 14. d4 exd4 15.
cxd4 a5 16. Qf3 Nxd4 17. Qd1 Nf6 18. Qxd4 Be7 19. Bg5 Rh5 20. Bxf6 c5 21. Qa4+
Qd7 22. Qxd7+ Kxd7 23. Nb6+ Kc7 24. Nd5+ Kd7 25. Bxe7 b5 26. Bxc5 Rxc5 27. Rad1
Ke6 28. Nf4+ Kf6 29. Nxh5+ Rxh5 30. Rd5 g5 31. Rxb5 a4 32. Ng2 Kg6 33. Ra5 g4
34. Nf4+ 1-0

[Event "Challenge"]
[Site "http://www.queenalice.com/game.php?id=579769"]
[Date "2009.4.29"]
[Round "-"]
[White "sejalivre"]
[Black "MarcioFaleiro"]
[Result "0-1"]
[WhiteElo "1572"]
[BlackElo "1593"]

1. e4 e5 2. Nf3 Nc6 3. Bb5 Nb4 4. d4 exd4 5. Qxd4 Nxc2+ 6. Kf1 Nxd4 7. Nxd4 Qf6
8. Be3 c5 9. Nb3 Qxb2 10. N1d2 c4 11. Nxc4 Qf6 12. e5 Qf5 13. Rd1 Qc2 14. Ke1
Bb4+ 15. Bd2 Qxa2 16. Bxb4 Nh6 17. e6 fxe6 18. Nd6+ Ke7 19. Nf5+ Kf6 20. Nbd4
Ng4 21. Be7+ Kg6 22. Nh4+ Kh5 23. Ndf3 Qxf2# 0-1

[Event "Challenge"]
[Site "http://www.queenalice.com/game.php?id=597378"]
[Date "2009.6.2"]
[Round "-"]
[White "knight401"]
[Black "MarcioFaleiro"]
[Result "1-0"]
[WhiteElo "1789"]
[BlackElo "1563"]

1. e4 e5 2. Nf3 Qf6 3. Nc3 Nc6 4. Nd5 Qg6 5. Nxc7+ Kd8 6. Nxa8 Qxe4+ 7. Be2 Bc5
8. O-O Nb4 9. d3 Qg6 10. Nxe5 Qf5 11. Nf3 Nf6 12. c3 Nbd5 13. d4 Bd6 14. Bc4 h5
15. Bg5 Re8 16. Bxf6+ gxf6 17. Qa4 Qf4 18. Bxd5 Qg4 19. g3 Qf5 20. Bxf7 Rh8 21.
Kg2 h4 22. Nxh4 Qe4+ 23. Nf3 Qh7 24. Bd5 Qh3+ 25. Kh1 Bf8 26. Qxa7 f5 27. Rae1
Bd6 28. Qb6+ Bc7 29. Qxc7# 1-0

[Event "HENRIQUE_L_AUAD"]
[Site "http://www.queenalice.com/game.php?id=603799"]
[Date "2009.6.15"]
[Round "2"]
[White "MarcioFaleiro"]
[Black "Givanildo"]
[Result "1-0"]
[WhiteElo "1512"]
[BlackElo "1501"]

1. e4 e5 2. Nf3 Nc6 3. Nc3 Nf6 4. a4 Bb4 5. Nd5 Nxd5 6. exd5 Nd4 7. c3 Nxf3+ 8.
Qxf3 Bc5 9. Bc4 d6 10. a5 h5 11. h4 Bg4 12. Qg3 f5 13. f4 e4 14. b4 Bxb4 15.
cxb4 Qf6 16. Qa3 Kf8 17. Bb2 Qh6 18. g3 a6 19. d4 Re8 20. b5 Bf3 21. O-O e3 22.
Rfe1 Be4 23. Rxe3 Qg6 24. bxa6 Qg4 25. Be2 Qh3 26. Bf1 Qh1+ 27. Kf2 Qh2+ 28. Ke1
bxa6 29. Bxa6 Rb8 30. Rc1 Qg2 31. Re2 Qh3 32. Rxc7 Qh1+ 33. Kd2 Rd8 34. Rc8 Kf7
35. Rc7+ Kg6 36. Bb5 Bxd5 37. Ree7 Qg2+ 38. Kc3 Qxg3+ 39. Bd3 Rh7 40. a6 Qe1+
41. Rxe1 Kf6 42. Qa5 Be6 43. d5 Bg8 44. Kc4+ Kg6 45. Rc6 Bf7 46. Qxd8 Rh6 47.
Qg5+ Kh7 48. Qxg7# 1-0

[Event "desafio!"]
[Site "http://www.queenalice.com/game.php?id=604008"]
[Date "2009.6.15"]
[Round "-"]
[White "gremioimortal"]
[Black "MarcioFaleiro"]
[Result "0-1"]
[WhiteElo "1440"]
[BlackElo "1556"]

1. e4 e5 2. Bc4 Qf6 3. d3 Bc5 4. Nh3 d5 5. Bg5 Bxf2+ 6. Nxf2 Qxg5 7. g3 dxc4 8.
c3 cxd3 9. Nxd3 Bg4 10. Qa4+ c6 11. Kf2 Nf6 12. Nc5 b5 13. Qd1 Bxd1 14. Rxd1 Qh5
15. Rh1 Ng4+ 16. Ke1 Ne3 17. Nb7 Qd1+ 18. Kf2 Ng4+ 19. Kg2 Qe2+ 20. Kg1 Qf2# 0-1

[Event "Challenge"]
[Site "http://www.queenalice.com/game.php?id=604577"]
[Date "2009.6.16"]
[Round "-"]
[White "toninhnodaprata"]
[Black "MarcioFaleiro"]
[Result "1-0"]
[WhiteElo "1708"]
[BlackElo "1512"]

1. e4 e5 2. Nf3 Nc6 3. Bc4 Qf6 4. d3 Bc5 5. Nc3 Nd4 6. Nxd4 Bxd4 7. O-O d6 8.
Nd5 Qd8 9. Qf3 h5 10. Nc3 Nh6 11. Bxh6 O-O 12. Qg3 Qf6 13. Bg5 Qg6 14. Nd5 Qh7
15. Be7 Bxb2 16. Nf6+ Kh8 17. Nxh7 Re8 18. Bf8 Bg4 19. Ng5 Rxf8 20. Rab1 Bd4 21.
Nxf7+ Kh7 22. Rxb7 c5 23. Ng5+ Kh6 24. Ne6 Rf6 25. Nxd4 exd4 26. h3 Be6 27.
Qxg7# 1-0

[Event "Challenge"]
[Site "http://www.queenalice.com/game.php?id=619492"]
[Date "2009.7.15"]
[Round "-"]
[White "Edgard1995"]
[Black "MarcioFaleiro"]
[Result "1-0"]
[WhiteElo "1537"]
[BlackElo "1558"]

1. e4 e5 2. Nf3 Nc6 3. Nc3 Bc5 4. Bc4 Qf6 5. d3 Qg6 6. Ng5 Nh6 7. Qf3 O-O 8. Qg3
Be7 9. Nd5 Bb4+ 10. c3 Ba5 11. b4 Bb6 12. Nxb6 axb6 13. Nf3 d6 14. Nh4 Qf6 15.
Bg5 Qg6 16. Nxg6 hxg6 17. O-O Ra3 18. b5 Na5 19. Bxh6 gxh6 20. Qh4 h5 21. Bb3
Nxb3 22. axb3 Rxb3 23. Rae1 Rxc3 24. Re3 f5 25. Rg3 Kg7 26. Qe7+ Rf7 27. Qe8 Be6
28. Qxe6 fxe4 29. Qxg6+ Kf8 30. Qh6+ Ke7 31. Qg5+ Rf6 32. dxe4 Rc5 33. Qh4 Rxb5
34. Rg7+ Kf8 35. Qxf6+ Ke8 36. Qe7# 1-0

[Event "Challenge"]
[Site "http://www.queenalice.com/game.php?id=619493"]
[Date "2009.7.15"]
[Round "-"]
[White "Edgard1995"]
[Black "MarcioFaleiro"]
[Result "1-0"]
[WhiteElo "1399"]
[BlackElo "1513"]

1. e4 e5 2. Nf3 Qf6 3. Bc4 Nc6 4. d3 d6 5. Bg5 Qg6 6. Nc3 Bg4 7. Be3 Nh6 8. h3
Bxf3 9. Qxf3 O-O-O 10. Bxh6 gxh6 11. Bd5 f6 12. Qe3 Nb4 13. O-O Nxc2 14. Qxa7
Rg8 15. Be6+ Rd7 16. Qa8# 1-0

[Event "AUTO-INT-1404"]
[Site "http://www.queenalice.com/game.php?id=631718"]
[Date "2009.8.6"]
[Round "1"]
[White "reniflex"]
[Black "MarcioFaleiro"]
[Result "1-0"]
[WhiteElo "1315"]
[BlackElo "1477"]

1. e4 e5 2. Nf3 Nc6 3. Bb5 Nb4 4. c3 Nc6 5. Bxc6 dxc6 6. Nxe5 Qf6 7. d4 Nh6 8.
b4 Ng4 9. Nxg4 Qh4 10. h3 Bxg4 11. Qxg4 Qe7 12. Bg5 f6 13. Bh4 g5 14. Qh5+ Kd7
15. Qg4+ Qe6 16. Qxe6+ Kxe6 17. Bg3 b5 18. f4 gxf4 19. Bxf4 Rc8 20. Nd2 h5 21.
e5 f5 22. a4 bxa4 23. Rxa4 Ra8 24. Ra6 Kd5 25. c4+ Kxd4 26. c5 Rb8 27. Ra4 Rg8
28. g3 Bg7 29. Rxa7 Rxb4 30. Ke2 Bxe5 31. Be3+ Kc3 32. Rc1+ Kb2 33. Rb1+ Kc3 34.
Ra3+ Kc2 35. Ra2+ Bb2 36. Bf4 1-0

[Event "AUTO-INT-1404"]
[Site "http://www.queenalice.com/game.php?id=631719"]
[Date "2009.8.6"]
[Round "1"]
[White "MarcioFaleiro"]
[Black "reniflex"]
[Result "1-0"]
[WhiteElo "1541"]
[BlackElo "1433"]

1. e4 e5 2. Nf3 Nc6 3. Nc3 Bb4 4. Bc4 Bxc3 5. dxc3 Nf6 6. Bg5 Na5 7. Nxe5 d6 8.
Nxf7 Bg4 9. f3 Qe7 10. Nxh8 Nxc4 11. fxg4 Nxb2 12. Qb1 Qf8 13. Qxb2 Qxh8 14.
Qxb7 Kd7 15. Qb5+ Ke7 16. Rf1 h6 17. Bxf6+ gxf6 18. Qb7 Qb8 19. Qc6 a5 20. h4
Qb2 21. Ke2 Qxc2+ 22. Ke3 Qxg2 23. Qxa8 Qg3+ 24. Rf3 Qxg4 25. Qxa5 Qxh4 26.
Qxc7+ Ke6 27. Rd1 h5 28. Rxd6+ Ke5 29. Qc5# 1-0

[Event "AUTO-INT-1404"]
[Site "http://www.queenalice.com/game.php?id=631732"]
[Date "2009.8.6"]
[Round "1"]
[White "MarcioFaleiro"]
[Black "eduxarapov"]
[Result "0-1"]
[WhiteElo "1572"]
[BlackElo "1632"]

1. e4 e5 2. Qf3 Nf6 3. Nc3 Bc5 4. a4 O-O 5. Qg3 Nc6 6. Nge2 d6 7. d3 Nh5 8. Qf3
Qf6 9. Nd5 Qh4 10. g3 Qg4 11. Nxc7 Qxf3 12. Rg1 Qxf2+ 13. Kd2 Bg4 14. Nxa8 Qxh2
15. Ra3 Nxg3 16. Rxg3 Bxe2 17. Rh3 Qf4+ 18. Kc3 Qxc1 19. Bxe2 Bxa3 20. bxa3 Nd4
21. Bg4 Qxc2+ 22. Kb4 Qb3+ 23. Ka5 Nc6# 0-1

[Event "AUTO-INT-1404"]
[Site "http://www.queenalice.com/game.php?id=631733"]
[Date "2009.8.6"]
[Round "1"]
[White "eduxarapov"]
[Black "MarcioFaleiro"]
[Result "1-0"]
[WhiteElo "1648"]
[BlackElo "1449"]

1. e4 e5 2. d4 Qf6 3. Nf3 exd4 4. Qxd4 Nc6 5. Qxf6 gxf6 6. Bd3 Bc5 7. Nc3 Nb4 8.
O-O Nh6 9. Bxh6 a5 10. Nd5 Kd8 11. Bg7 Rg8 12. Bxf6+ Ke8 13. e5 Rb8 14. Bxh7 Rg4
15. Nxc7+ Kf8 16. Rad1 Nxc2 17. e6 fxe6 18. Nxe6+ Kf7 19. Nxc5 Kxf6 20. Rxd7 Rc4
21. Rd6+ Ke7 22. Rd5 Nb4 23. Re5+ Kd6 24. Rd1+ Kc6 25. Be4+ Nd5 26. Nd4+ Kxc5
27. Nb3+ Kd6 28. Rdxd5+ Kc7 29. Re7+ Kb6 30. Rd6+ 1-0

[Event "AUTO-INT-1404"]
[Site "http://www.queenalice.com/game.php?id=631734"]
[Date "2009.8.6"]
[Round "1"]
[White "MarcioFaleiro"]
[Black "therota2"]
[Result "1-0"]
[WhiteElo "1528"]
[BlackElo "1435"]

1. e4 e5 2. Qf3 b6 3. Bc4 Qe7 4. Nh3 Nf6 5. Ng5 Qc5 6. Na3 Bb7 7. d3 Nc6 8. Nb5
Qb4+ 9. c3 Qc5 10. Nxc7+ Kd8 11. Nxa8 Bxa8 12. Nxf7+ Kc7 13. Nxh8 1-0

[Event "AUTO-OPEN-1649"]
[Site "http://www.queenalice.com/game.php?id=631961"]
[Date "2009.8.7"]
[Round "1"]
[White "Chazam"]
[Black "MarcioFaleiro"]
[Result "1-0"]
[WhiteElo "1712"]
[BlackElo "1455"]

1. e4 e5 2. d3 Qf6 3. Nf3 Nc6 4. Nc3 Bc5 5. Be3 Bxe3 6. fxe3 Nh6 7. Nd5 Qd6 8.
Qd2 O-O 9. Be2 Qg6 10. Nxe5 Qxg2 11. O-O-O Nxe5 12. Nf4 Qg5 13. Rhg1 Qh4 14. d4
Nc6 15. Bc4 Qe7 16. e5 d6 17. exd6 cxd6 18. d5 Ne5 19. Bb3 Nf3 20. Qd3 Nxg1 21.
Rxg1 f5 22. Qd4 Ng4 23. Ne6 Bxe6 24. dxe6 Rac8 25. h3 Nf6 26. h4 Ng4 27. h5 Qh4
28. e7+ Rf7 29. Bxf7+ Kxf7 30. Qxd6 1-0

[Event "AUTO-OPEN-1649"]
[Site "http://www.queenalice.com/game.php?id=631962"]
[Date "2009.8.7"]
[Round "1"]
[White "MarcioFaleiro"]
[Black "Chazam"]
[Result "0-1"]
[WhiteElo "1553"]
[BlackElo "1565"]

1. e4 e5 2. Nf3 Nc6 3. Nc3 Nf6 4. Bc4 h6 5. d3 Bb4 6. Rb1 Nd4 7. Nxe5 d6 8. Nxf7
Qe7 9. Nxh8 Bxc3+ 10. bxc3 Nc6 11. Ng6 Qd7 12. Qh5 Nxh5 13. e5 Nxe5 14. Nh4 Nxc4
15. dxc4 Qe6+ 16. Be3 Qe4 17. Rb4 Qxc2 18. Bd4 Qc1+ 19. Ke2 Bg4+ 20. f3 Nf4+ 21.
Kf2 Nd3+ 22. Kg3 Qxh1 23. Rxb7 Bd7 24. Rxc7 Qe1+ 25. Bf2 Qxf2# 0-1

[Event "AUTO-OPEN-1649"]
[Site "http://www.queenalice.com/game.php?id=631979"]
[Date "2009.8.7"]
[Round "1"]
[White "FOS2006"]
[Black "MarcioFaleiro"]
[Result "1-0"]
[WhiteElo "1795"]
[BlackElo "1533"]

1. e4 e5 2. Nf3 Qf6 3. d3 Nc6 4. Bg5 Qd6 5. Be2 f6 6. Bc1 h5 7. g3 b5 8. Nh4 b4
9. Bxh5+ g6 10. Nxg6 Rh7 11. Nxe5+ Ke7 12. Ng6+ Kf7 13. Nxf8+ Kg7 14. Nxh7 Qe5
15. Nxf6 Qxf6 16. Qg4+ Kf8 17. Qg5 Nd4 18. Qxf6+ Nxf6 19. Bd1 Ba6 20. O-O c5 21.
Nd2 Re8 22. c3 Bxd3 23. Re1 bxc3 24. bxc3 Ne6 25. f3 a5 26. Nb3 c4 27. Nxa5 Ng5
28. Bxg5 Nh7 29. h4 Re5 30. Nb7 d5 31. Bf4 Re7 32. Bd6 dxe4 33. Bxe7+ Kxe7 34.
fxe4 1-0

[Event "AUTO-OPEN-1649"]
[Site "http://www.queenalice.com/game.php?id=631980"]
[Date "2009.8.7"]
[Round "1"]
[White "MarcioFaleiro"]
[Black "FOS2006"]
[Result "0-1"]
[WhiteElo "1537"]
[BlackElo "1826"]

1. e4 e5 2. Nf3 d6 3. d4 Nd7 4. dxe5 dxe5 5. Nc3 c6 6. Bc4 b5 7. Bb3 Bb4 8. Bg5
Bxc3+ 9. bxc3 f6 10. Be3 Bb7 11. h4 Qe7 12. h5 Ba6 13. a4 bxa4 14. Rxa4 Bb5 15.
Ra5 a6 16. g4 c5 17. c4 Bc6 18. Ba4 Bxa4 19. Rxa4 Nb6 20. Rb4 cxb4 21. Bxb6 Qe6
22. O-O Qxb6 23. g5 Ne7 24. gxf6 Qxf6 25. Qd2 Qxf3 26. Rd1 Qxh5 27. Qd7+ Kf7 28.
Rd5 Rad8 29. Qb7 Qg6+ 30. Kf1 Qxe4 31. Qxa6 Rxd5 32. cxd5 Qxd5 33. Qe2 Qh1# 0-1

[Event "HENRIQUE_L_AUAD"]
[Site "http://www.queenalice.com/game.php?id=640123"]
[Date "2009.8.21"]
[Round "3"]
[White "Mr_SPOCK"]
[Black "MarcioFaleiro"]
[Result "1-0"]
[WhiteElo "1546"]
[BlackElo "1527"]

1. e4 e5 2. Qh5 Nf6 3. Qxe5+ Qe7 4. d4 Nxe4 5. Qxc7 Nd6+ 6. Be2 Na6 7. Qc3 Ne4
8. Qa5 Qb4+ 9. Qxb4 Bxb4+ 10. c3 Bd6 11. Nf3 O-O 12. Bh6 gxh6 13. Nh4 Re8 14.
Nf5 Nc7 15. O-O h5 16. Bxh5 Nd5 17. Nh6+ Kf8 18. c4 Nf4 19. Nxf7 Nxh5 20. Nxd6
Nxd6 21. Nd2 a5 22. c5 Nf5 23. Nf3 a4 24. a3 Nf4 25. Ng5 h5 26. Nh7+ Kg7 27. Ng5
Ne2+ 28. Kh1 Nexd4 29. g4 hxg4 30. Rfe1 Ne7 31. h3 Nc2 32. Rg1 gxh3 33. Nxh3+
Kf6 34. Rad1 1-0